| 000 | 00366nam a2200145Ia 4500 | ||
|---|---|---|---|
| 008 | 150201s1993 xx 000 0 und d | ||
| 082 |
_a610 _bM1993T |
||
| 100 | _aTOMARACE,SOHRAB N. | ||
| 245 | _aMANUAL OF PEDIATRIC DRUG THERAPY | ||
| 250 | _a1ST | ||
| 260 |
_bJAYPEE MEDICAL PUBLISHER _aDELHI _c1993 |
||
| 300 | _a1-485 | ||
| 650 | _aPEDODONTICS | ||
| 942 |
_2ddc _cBK |
||
| 999 |
_c3117 _d3117 |
||